| 000 | 00664nam a2200217 4500 | ||
|---|---|---|---|
| 999 |
_c61453 _d61453 |
||
| 001 | 478 | ||
| 003 | OSt | ||
| 005 | 20220708124643.0 | ||
| 007 | tu | ||
| 008 | s1907||||||| ger | ||
| 040 |
_aDE-2950 _cDE-2950 |
||
| 100 | 1 | _aArnold, Franklin | |
| 245 | 0 | 4 |
_aDie Universität Frankfurt a. O. und der schlesische Protestantismus _cFranklin Arnold |
| 264 |
_aLiegnitz _bHeinze _c1907 |
||
| 365 | _cDEM | ||
| 546 | _adeutsch | ||
| 700 | 1 |
_aSchwarzer, Otfried _tDas Kanzleramt an d. Univ. Frankfurt a. O. Breslau 1900 |
|
| 773 | 0 | 8 | _gS. 269 - 289 |
| 773 | 0 | 8 |
_iAus _tCorrespondenzblatt d. Vereins f. Geschichte d. ev. Kirche Schlesien |
| 942 |
_2z _cA |
||